000 01085nam a2200253 i 4500
001 110780
003 ES-MaACL
005 20231228190627.0
007 t|
008 070125s1934 sp ||||1| spa d
080 _a34(47+57)
100 1 _aCastro, Horacio de.
_936860
245 1 0 _aPrincipios de Derecho Soviético /
_cpor Horacio de Castro ; prólogo de Luis Jiménez de Asúa ; notas preliminares por Nicolás Pérez Serrano...[et al.] ; y textos íntegros de las Constituciones, los Códigos Agrario, Minero y Forestal, los Programas de Enseñanza, la Ley de la Propiedad...
250 _a1ª ed.
260 _aMadrid :
_bHijos de Reus,
_c1934.
300 _a983 p. ;
_c23 cm.
490 1 _aBiblioteca jurídica de autores españoles y extranjeros ;
_v178
650 1 4 _aDerecho-
_zURSS.
_911635
700 1 _aJiménez de Asúa, Luis,
_d1889-1970
_966491
700 1 _aPérez Serrano, Nicolás,
_d1890-1961
_991160
830 0 _aBiblioteca jurídica de autores españoles y extranjeros ;
_v178
_9182228
852 _aES-MaACL
_jE-3149
999 _c110780
_d110780